|
|
|
|
| LEADER |
01282nam a2200277 i 4500 |
| 001 |
GrIoPKV-207822 |
| 003 |
GR-PaULI |
| 005 |
20241125085124.0 |
| 008 |
101213s2016 gr g eng d |
| 952 |
|
|
|0 0
|1 0
|2 ddc
|4 0
|6 381_456000000000000_371_ΡΕΖ
|7 0
|9 205799
|a LISP
|b LISP
|c BSC
|d 2016-09-28
|i 096964
|l 0
|o 381.456 371 ΡΕΖ
|p 025000192307
|r 2016-09-28 00:00:00
|t 1
|v 2016.00
|w 2016-09-28
|y BK15
|
| 999 |
|
|
|c 125127
|d 125127
|
| 020 |
|
|
|a 9789603411147
|
| 040 |
|
|
|a GR-PaULI
|b gre
|c GR-PaULI
|e AACR2
|
| 041 |
|
|
|a
|
| 082 |
0 |
4 |
|a 381.456 371
|2 23
|
| 100 |
1 |
|
|a Ρεζίτη, Ιωάννα
|4
|9 22173
|e συγγραφέας.
|
| 245 |
1 |
0 |
|a Non-linear adjustment in the Greek milk market /
|c Ioanna N. Reziti
|
| 260 |
|
|
|a Αθήνα :
|b ΚΕΠΕ,
|c 2016
|
| 300 |
|
|
|a 114 σ. ;
|b
|c 24 εκ.
|
| 490 |
1 |
|
|a Μελέτες / ΚΕΠΕ ;
|v 77.
|
| 504 |
|
|
|a Περιλαμβάνει βιβλιογραφία.
|
| 650 |
|
4 |
|a Γάλα
|x Βιομηχανία και εμπόριο
|z Ελλάδα.
|9 157107
|
| 710 |
2 |
|
|a Κέντρο Προγραμματισμού και Οικονομικών Ερευνών
|9 3328
|
| 830 |
|
0 |
|a Μελέτες (Κέντρο Προγραμματισμού και Οικονομικών Ερευνών)
|v
|9 156990
|
| 942 |
|
|
|2 ddc
|c BK15
|
| 998 |
|
|
|c ΛΟΤΣΑΡΗ
|d 2020-04
|